[Event "Moscow Open 2007"]
[Site "Moscow"]
[Date "2007.02.01"]
[Round "6"]
[White "Mongontuul, Bathuyag"]
[Black "Charochkina, Daria"]
[Result "1/2-1/2"]
[WhiteElo "2397"]
[BlackElo "2235"]
[PlyCount "80"]
[EventDate "2007.??.??"]

1. e4 c6 2. d4 d5 3. exd5 cxd5 4. Bd3 Nf6 5. c3 Nc6 6. Bf4 g6 7. h3 Bg7 8. Nf3
O-O 9. O-O Nh5 10. Bh2 f5 11. Ne5 Nxe5 12. Bxe5 Bxe5 13. dxe5 Nf4 14. Bc2 g5
15. Qd2 b6 16. Na3 Bb7 17. Bb3 Kh8 18. Kh2 e6 19. Nc2 Ba6 20. Rfe1 Nd3 21. Re3
Nxb2 22. Nd4 Nc4 23. Bxc4 dxc4 24. Qb2 Qe7 25. Qb4 Qxb4 26. cxb4 Rfe8 27. Rc1
Rad8 28. Nc6 Rd2 29. Ra3 Bb7 30. Rxc4 a6 31. Kg1 Rc8 32. Rd4 Re2 33. Rd8+ Rxd8
34. Nxd8 Bd5 35. Rxa6 Re1+ 36. Kh2 Re2 37. Kg1 Re1+ 38. Kh2 Re2 39. Kg1 Re1+
40. Kh2 Re2 1/2-1/2

[Event "Moscow Open 2007"]
[Site "Moscow"]
[Date "2007.02.01"]
[Round "6"]
[White "Sjugirov, Sanan"]
[Black "Metlyakhin, Dmitry"]
[Result "1-0"]
[WhiteElo "2396"]
[BlackElo "2199"]
[PlyCount "81"]
[EventDate "2007.??.??"]

1. e4 e5 2. Bc4 Nc6 3. d3 Bc5 4. Nf3 h6 5. O-O d6 6. c3 Qf6 7. Be3 Bb6 8. Nbd2
Nge7 9. a4 Ng6 10. Bb5 O-O 11. Bxc6 bxc6 12. a5 Bxe3 13. fxe3 Ba6 14. c4 Qe6
15. Qa4 c5 16. b4 cxb4 17. Qxb4 Rab8 18. Qc3 f5 19. exf5 Rxf5 20. Rab1 Rff8 21.
Rxb8 Rxb8 22. Ne4 Rf8 23. Qb3 Ne7 24. Ng3 h5 25. Ne4 Kh8 26. Rf2 Qc8 27. Neg5
Bb7 28. c5 Bd5 29. Qd1 g6 30. e4 Bg8 31. Qc1 Kg7 32. cxd6 cxd6 33. Rc2 Qa6 34.
Rc7 Re8 35. Qc3 Kh6 36. h4 Qb5 37. d4 Qb3 38. Qc1 Kg7 39. dxe5 dxe5 40. Qc5 Kf8
41. Qxe5 1-0

[Event "Moscow Open 2007"]
[Site "Moscow"]
[Date "2007.02.01"]
[Round "6"]
[White "Reshetnikov, Alexey"]
[Black "Vladimirov, Ivan"]
[Result "1-0"]
[WhiteElo "2388"]
[BlackElo "2191"]
[PlyCount "113"]
[EventDate "2007.??.??"]

1. e4 c5 2. Nf3 Nc6 3. Bb5 e6 4. Bxc6 bxc6 5. d3 d5 6. O-O Ne7 7. b3 Ng6 8. Bb2
f6 9. Nc3 Bd6 10. Na4 O-O 11. Ba3 Qe7 12. Qd2 e5 13. Qa5 Bg4 14. Nd2 f5 15. f3
Bh5 16. Bxc5 fxe4 17. dxe4 Rad8 18. Qxa7 Bxc5+ 19. Qxc5 Qg5 20. Qf2 Nh4 21. Kh1
Rf6 22. Nc5 Rg6 23. Rg1 Rh6 24. a4 dxe4 25. Ncxe4 Qf4 26. Qg3 Nf5 27. Qxf4 exf4
28. a5 Ra8 29. Rge1 Ne3 30. Ra2 Re6 31. Kg1 Nd5 32. Ra4 Be8 33. Rea1 Ra7 34.
Rc4 h6 35. Kf2 Bg6 36. Rc5 Bxe4 37. Nxe4 Kf8 38. Rd1 Ke7 39. c3 Nf6 40. Nxf6
Kxf6 41. b4 g5 42. g3 fxg3+ 43. Kxg3 Ra6 44. c4 Kg6 45. Ra1 Re3 46. b5 cxb5 47.
cxb5 Rf6 48. Rf1 h5 49. Rc6 Rxc6 50. bxc6 Rc3 51. Ra1 Rxc6 52. a6 Rc8 53. a7
Ra8 54. Ra5 Kf6 55. h4 gxh4+ 56. Kxh4 Kg6 57. f4 1-0

[Event "Moscow Open 2007"]
[Site "Moscow"]
[Date "2007.02.01"]
[Round "6"]
[White "Ambartsumova, Karina"]
[Black "Kalashnikov, Konstantin"]
[Result "0-1"]
[WhiteElo "2179"]
[BlackElo "2384"]
[PlyCount "100"]
[EventDate "2007.??.??"]

1. e4 c5 2. Nf3 g6 3. d4 cxd4 4. Nxd4 Bg7 5. Nc3 Nc6 6. Nb3 Nf6 7. Be2 O-O 8.
O-O d6 9. Re1 a5 10. a4 Be6 11. Bg5 Nb4 12. Nd4 Bd7 13. h3 Rc8 14. Ndb5 Re8 15.
Qd2 Bc6 16. Bf1 d5 17. e5 Ne4 18. Nxe4 dxe4 19. Nd6 Bxe5 20. Nxc8 Qxd2 21. Bxd2
Rxc8 22. Bxb4 axb4 23. Bb5 Bd5 24. c3 bxc3 25. bxc3 Rxc3 26. Rec1 Rb3 27. Rab1
Ra3 28. Bc4 Bc6 29. Bb5 Bd4 30. Bxc6 bxc6 31. Rxc6 Ra2 32. Rf1 Rxa4 33. Rc2 f5
34. Rb1 Kf7 35. Kf1 h5 36. Ke2 Kf6 37. Rbc1 Ra3 38. Rc6+ e6 39. R1c2 Ke5 40.
Rc8 g5 41. Rg8 g4 42. h4 f4 43. Rg5+ Kf6 44. Rxh5 f3+ 45. gxf3 gxf3+ 46. Kd1 e3
47. Rh6+ Kf5 48. fxe3 Bxe3 49. Rh5+ Kg6 50. Re5 Ra1+ 0-1

[Event "Moscow Open 2007"]
[Site "Moscow"]
[Date "2007.02.01"]
[Round "6"]
[White "Krivoborodov, Egor"]
[Black "Venevtsev, Andrey"]
[Result "1-0"]
[WhiteElo "2380"]
[BlackElo "2181"]
[PlyCount "83"]
[EventDate "2007.??.??"]

1. e4 e6 2. d4 d5 3. Nc3 Bb4 4. e5 c5 5. a3 Bxc3+ 6. bxc3 Qc7 7. Qg4 f5 8. Qg3
cxd4 9. cxd4 Ne7 10. c3 O-O 11. Ne2 Nd7 12. Nf4 Nb6 13. h4 Bd7 14. Rh3 Rf7 15.
Be2 Rc8 16. Bh5 Bb5 17. Rb1 Ba6 18. Rb4 Nc6 19. Nxe6 Nxb4 20. Nxc7 Nd3+ 21.
Qxd3 Bxd3 22. Bxf7+ Kxf7 23. e6+ Kf8 24. Bf4 Be4 25. Bd6+ Kg8 26. e7 Kf7 27.
e8=Q+ Rxe8 28. Nxe8 Kxe8 29. Be5 Nc4 30. Rg3 g6 31. f3 Bc2 32. h5 Nxa3 33. Rxg6
Nc4 34. Rg7 a5 35. Rxh7 a4 36. Rxb7 a3 37. Ra7 f4 38. h6 Ne3 39. Bxf4 Nxg2+ 40.
Kd2 Bb1 41. Bg5 a2 42. Rxa2 1-0

[Event "Moscow Open 2007"]
[Site "Moscow"]
[Date "2007.02.01"]
[Round "6"]
[White "Khruschiov, Alexey"]
[Black "Belous, Vladimir"]
[Result "1-0"]
[WhiteElo "2456"]
[BlackElo "2289"]
[PlyCount "113"]
[EventDate "2007.??.??"]

1. d4 Nf6 2. c4 g6 3. Nc3 Bg7 4. e4 d6 5. Nf3 O-O 6. Be2 e5 7. O-O Nc6 8. d5
Ne7 9. Ne1 Nd7 10. Be3 f5 11. f3 f4 12. Bf2 g5 13. Rc1 Ng6 14. c5 Nxc5 15. b4
Na6 16. Nb5 Rf7 17. Nd3 Bd7 18. a4 h5 19. Nxa7 Bh6 20. Rc3 Rg7 21. Nb5 g4 22.
fxg4 Qg5 23. h3 hxg4 24. Bxg4 Bxg4 25. Qxg4 Qxg4 26. hxg4 Nf8 27. Ra1 Nh7 28.
Rc4 Rxg4 29. Kf1 Ng5 30. Nc3 f3 31. g3 b6 32. Ne1 Rf8 33. Nc2 Nh7 34. a5 b5 35.
Nxb5 Nf6 36. Nc3 Bd2 37. Ne3 Bxc3 38. Nxg4 Bxa1 39. Nxf6+ Rxf6 40. b5 Nc5 41.
a6 Rf8 42. Bxc5 dxc5 43. d6 cxd6 44. b6 d5 45. exd5 Bd4 46. b7 e4 47. a7 e3 48.
Rc2 e2+ 49. Rxe2 fxe2+ 50. Kxe2 Be5 51. a8=Q Bxg3 52. Qc8 Bb8 53. Kd3 Kf7 54.
Kc4 Ke7 55. Kxc5 Bd6+ 56. Kc6 Rf6 57. Qd7+ 1-0

[Event "Moscow Open 2007"]
[Site "Moscow"]
[Date "2007.02.01"]
[Round "6"]
[White "Kopylov, Alexander A"]
[Black "Papin, Vasily"]
[Result "0-1"]
[WhiteElo "2237"]
[BlackElo "2416"]
[PlyCount "84"]
[EventDate "2007.??.??"]

1. d4 Nf6 2. c4 e6 3. Nf3 b6 4. g3 Ba6 5. b3 Bb7 6. Bg2 Bb4+ 7. Bd2 a5 8. a3
Be7 9. O-O O-O 10. Bf4 Nh5 11. Nc3 f5 12. d5 Bf6 13. Rc1 g5 14. Be5 Ng7 15.
Bxf6 Qxf6 16. e4 e5 17. d6 fxe4 18. Nd5 Qh6 19. Nd2 Bxd5 20. cxd5 cxd6 21. g4
Na6 22. Nxe4 Nc5 23. b4 Nxe4 24. Bxe4 Qh3 25. f3 axb4 26. axb4 Ne8 27. Bf5 Nf6
28. Qd2 Kh8 29. Rc2 Ra3 30. Qxg5 Nxd5 31. Qd2 Ne3 32. Rfc1 d5 33. Qe2 Nxf5 34.
Rc8 Ra8 35. Rxa8 Rxa8 36. Qxe5+ Ng7 37. Qxd5 Re8 38. Rf1 Re2 39. Qa8+ Ne8 40.
Qa1+ Kg8 41. Rf2 Rxf2 42. Kxf2 Qxh2+ 0-1

[Event "Moscow Open 2007"]
[Site "Moscow"]
[Date "2007.02.01"]
[Round "6"]
[White "Gagarin, Vasilij"]
[Black "Loginov, Anton"]
[Result "1-0"]
[WhiteElo "2406"]
[BlackElo "2243"]
[PlyCount "73"]
[EventDate "2007.??.??"]

1. d4 Nf6 2. c4 e6 3. Nc3 Bb4 4. e3 b6 5. Nge2 Bb7 6. a3 Be7 7. d5 O-O 8. g3
Re8 9. Bg2 exd5 10. cxd5 c5 11. O-O Bf8 12. h3 d6 13. g4 Na6 14. b3 Nc7 15. Bb2
g6 16. e4 Nd7 17. f4 Qh4 18. Qd2 f6 19. a4 a6 20. Rf2 Rad8 21. Raf1 Be7 22. Nd1
a5 23. Ne3 Ba6 24. Nc4 Rf8 25. Kh2 Rde8 26. Qc3 Bxc4 27. bxc4 Qh6 28. g5 Qg7
29. h4 Bd8 30. Ng3 h5 31. Bh3 Qh7 32. Rg2 fxg5 33. Bxd7 gxf4 34. Bxe8 Bf6 35.
Qd3 fxg3+ 36. Qxg3 Nxe8 37. Qxg6+ 1-0

[Event "Moscow Open 2007"]
[Site "Moscow"]
[Date "2007.02.01"]
[Round "6"]
[White "Kashlinskaya, Alina"]
[Black "Sveshnikov, Vladimir"]
[Result "0-1"]
[WhiteElo "2228"]
[BlackElo "2359"]
[PlyCount "84"]
[EventDate "2007.??.??"]

1. d4 d5 2. c4 c6 3. cxd5 cxd5 4. Nc3 Nf6 5. Nf3 Nc6 6. Bf4 Bf5 7. Qb3 Na5 8.
Qa4+ Bd7 9. Qc2 e6 10. e3 Rc8 11. Bd3 Bb4 12. Ne5 Nc4 13. Bxc4 dxc4 14. e4 O-O
15. O-O Be8 16. Rad1 Qa5 17. Bd2 Bxc3 18. Bxc3 Qxa2 19. Qe2 Ba4 20. Ra1 Qb3 21.
Rfc1 Qb5 22. Ng4 Nxg4 23. Qxg4 f5 24. Qg3 Rf6 25. d5 Rg6 26. Qe5 fxe4 27. h4
exd5 28. h5 Re8 29. Qf4 Ra6 30. Qg5 Qd7 31. Rxa4 Rxa4 32. Rd1 h6 33. Qg6 Ra6
34. Qg3 Re7 35. Bd4 Kh7 36. b3 cxb3 37. Qxb3 Qa4 38. Qb1 Qe8 39. Bc5 Rd7 40. f3
Qxh5 41. fxe4 Rg6 42. exd5 Rxd5 0-1

[Event "Moscow Open 2007"]
[Site "Moscow"]
[Date "2007.02.01"]
[Round "6"]
[White "Grabuzova, Tatiana"]
[Black "Semenova, Irina"]
[Result "1-0"]
[WhiteElo "2357"]
[BlackElo "2218"]
[PlyCount "97"]
[EventDate "2007.??.??"]

1. d4 Nf6 2. c4 g6 3. Nc3 Bg7 4. e4 d6 5. Be2 O-O 6. Nf3 e5 7. d5 a5 8. Be3 Ng4
9. Bg5 f6 10. Bd2 f5 11. h4 Qe8 12. h5 gxh5 13. Nh4 f4 14. Bd3 Na6 15. Qe2 Nc5
16. Bc2 c6 17. O-O-O Rf7 18. Kb1 a4 19. Bc1 Bf8 20. f3 Nf6 21. g3 cxd5 22. exd5
e4 23. Bxf4 exf3 24. Qxe8 Nxe8 25. Nxf3 Bg4 26. Rdf1 a3 27. Ng5 Rg7 28. b3 Nf6
29. Nb5 h6 30. Ne6 Nxe6 31. dxe6 Bxe6 32. Bxh6 Rf7 33. Bxf8 Raxf8 34. Nxd6 Rg7
35. Ne4 Nxe4 36. Rxf8+ Kxf8 37. Bxe4 Rxg3 38. Rxh5 Rg1+ 39. Kc2 Ra1 40. Bxb7
Rxa2+ 41. Kc3 Re2 42. Ra5 a2 43. Ra7 Bf5 44. Bd5 Bb1 45. c5 Ke8 46. b4 Kd8 47.
b5 Rc2+ 48. Kd4 Rc1 49. Bxa2 1-0

[Event "Moscow Open 2007"]
[Site "Moscow"]
[Date "2007.02.01"]
[Round "6"]
[White "Bacherikov, Vitaly"]
[Black "Onoprienko, Vladimir"]
[Result "1/2-1/2"]
[WhiteElo "2209"]
[BlackElo "2354"]
[PlyCount "41"]
[EventDate "2007.??.??"]

1. e4 g6 2. d4 Bg7 3. Nc3 a6 4. a4 d6 5. Nge2 Nc6 6. Be3 e5 7. h3 Nf6 8. g3 O-O
9. Bg2 exd4 10. Nxd4 Ne5 11. b3 Re8 12. O-O Bd7 13. f4 Nc6 14. Qd2 Nxd4 15.
Bxd4 c5 16. Bf2 Bc6 17. Qd3 Qa5 18. Rad1 Rad8 19. Be1 Qc7 20. Bf2 Qa5 21. Be1
1/2-1/2

[Event "Moscow Open 2007"]
[Site "Moscow"]
[Date "2007.02.01"]
[Round "6"]
[White "Hambartsumian, Yuri"]
[Black "Aslanov, Sergei"]
[Result "1/2-1/2"]
[WhiteElo "2354"]
[BlackElo "2233"]
[PlyCount "53"]
[EventDate "2007.??.??"]

1. e4 c5 2. Nf3 d6 3. d4 cxd4 4. Nxd4 Nf6 5. Nc3 g6 6. Be3 Bg7 7. f3 Nc6 8. Qd2
O-O 9. Bc4 Nd7 10. h4 Na5 11. Be2 Nb6 12. b3 d5 13. Bh6 Bxh6 14. Qxh6 Qc7 15.
Qe3 Qg3+ 16. Qf2 Qxf2+ 17. Kxf2 Nc6 18. Ndb5 dxe4 19. Nxe4 Bf5 20. Nc5 a6 21.
Na3 Nd7 22. Nxd7 Bxd7 23. Nc4 Bf5 24. g4 Be6 25. Nb6 Rad8 26. Rad1 Nd4 27. c3
1/2-1/2

[Event "Moscow Open 2007"]
[Site "Moscow"]
[Date "2007.02.01"]
[Round "6"]
[White "Reutsky, Sergei"]
[Black "Cherenkov, Andrey"]
[Result "1-0"]
[WhiteElo "2353"]
[BlackElo "2206"]
[PlyCount "103"]
[EventDate "2007.??.??"]

1. e4 c6 2. d4 d5 3. Nc3 dxe4 4. Nxe4 Bf5 5. Ng3 Bg6 6. h4 h6 7. Nf3 Nd7 8. h5
Bh7 9. Bd3 Bxd3 10. Qxd3 e6 11. Bd2 Ngf6 12. O-O-O Bd6 13. Ne4 Nxe4 14. Qxe4
Nf6 15. Qe2 Qc7 16. Ne5 O-O-O 17. g3 Rhe8 18. Rh4 Re7 19. Re1 Nd7 20. Rg4 f6
21. Ng6 Ree8 22. Re4 e5 23. Qg4 Kb8 24. f4 f5 25. Qxf5 Nf6 26. R4e2 exd4 27.
Rxe8 Rxe8 28. Rxe8+ Nxe8 29. g4 Nf6 30. g5 hxg5 31. Qxg5 Qf7 32. Qa5 b6 33. Ne5
Qb7 34. Qa4 c5 35. Kb1 b5 36. Qa5 Bc7 37. Qa3 Qh1+ 38. Bc1 Ne4 39. Qd3 a6 40.
a3 Nf6 41. a4 Qxh5 42. axb5 a5 43. b6 Bxb6 44. Qb5 Kb7 45. Nc4 Nd5 46. Nxa5+
Ka7 47. Qd7+ Ka6 48. Nc4 Nb4 49. Qc8+ Kb5 50. Nd6+ Ka5 51. Qa8+ Na6 52. Bd2+
1-0

[Event "Moscow Open 2007"]
[Site "Moscow"]
[Date "2007.02.01"]
[Round "6"]
[White "Shkurikhin, Ilia"]
[Black "Lelekova, Olga"]
[Result "1-0"]
[WhiteElo "2350"]
[BlackElo "2184"]
[PlyCount "105"]
[EventDate "2007.??.??"]

1. d4 Nf6 2. Nf3 e6 3. Bg5 c5 4. e3 Nc6 5. Nbd2 Be7 6. c3 O-O 7. Bd3 d6 8. Qe2
h6 9. Bh4 e5 10. dxe5 dxe5 11. Rd1 Qc7 12. O-O Re8 13. Bxf6 Bxf6 14. e4 Ne7 15.
Nc4 Be6 16. Bb1 Ng6 17. g3 Be7 18. Ne3 Bf8 19. b3 Qc8 20. Bd3 Bh3 21. Rfe1 a6
22. a4 Rb8 23. Qc2 b5 24. axb5 axb5 25. Bf1 Be6 26. Ra1 Qc6 27. h4 Bd6 28. Red1
Bc7 29. Nd5 Nf8 30. Ra7 Bd6 31. c4 bxc4 32. Bxc4 Nd7 33. Qd3 Bf8 34. Nc7 Bxc4
35. bxc4 Re7 36. Nd5 Re6 37. Rxd7 Qxd7 38. Nf6+ Rxf6 39. Qxd7 Rxf3 40. Kg2 Rf6
41. Qc7 Rb2 42. Rf1 Re2 43. Qxe5 Re6 44. Qc7 R6xe4 45. Kf3 Re6 46. Rd1 Rc2 47.
Rd8 Rf6+ 48. Kg4 h5+ 49. Kxh5 g6+ 50. Kg4 Rxc4+ 51. f4 Rd4 52. Ra8 Rfd6 53. Qe7
1-0

[Event "Moscow Open 2007"]
[Site "Moscow"]
[Date "2007.02.01"]
[Round "6"]
[White "Khropova, Larisa"]
[Black "Tjurin, Alexander P"]
[Result "0-1"]
[WhiteElo "2163"]
[BlackElo "2344"]
[PlyCount "82"]
[EventDate "2007.??.??"]

1. d4 Nf6 2. Nf3 e6 3. Bf4 b6 4. e3 Bb7 5. Nbd2 Be7 6. Bd3 O-O 7. Qe2 d5 8. O-O
Ne4 9. h3 Bd6 10. c3 a6 11. Bxe4 dxe4 12. Ng5 Be7 13. Ngxe4 f5 14. Ng3 g5 15.
Be5 Nd7 16. f4 Nxe5 17. fxe5 Kh8 18. Nh5 c5 19. Rad1 cxd4 20. exd4 Rc8 21. Kh2
Qe8 22. Rf2 Qg6 23. g4 fxg4 24. Rxf8+ Rxf8 25. hxg4 Qc2 26. Re1 Qxb2 27. Nf6
Qxc3 28. Nb3 Rxf6 29. Rc1 Qf3 30. Qxf3 Rxf3 31. Rc7 Bd5 32. Rxe7 Rf2+ 33. Kh3
Rxa2 34. Nc1 Rc2 35. Ne2 Rxe2 36. Re8+ Kg7 37. Re7+ Kg6 38. Re8 a5 39. Rg8+ Kf7
40. Rxg5 Re1 41. Kg3 h6 0-1

[Event "Moscow Open 2007"]
[Site "Moscow"]
[Date "2007.02.01"]
[Round "6"]
[White "Romashko, Andrei"]
[Black "Vasilkova, Svetlana"]
[Result "0-1"]
[WhiteElo "2177"]
[BlackElo "2336"]
[PlyCount "100"]
[EventDate "2007.??.??"]

1. e4 c5 2. Nf3 d6 3. d4 cxd4 4. Nxd4 Nf6 5. Nc3 a6 6. Bg5 e6 7. Qf3 Be7 8.
O-O-O Qc7 9. Be2 Nbd7 10. Qg3 b5 11. Bxb5 axb5 12. Ndxb5 Qa5 13. Nxd6+ Bxd6 14.
Rxd6 O-O 15. f4 Qb4 16. Qd3 Rb8 17. Bxf6 Nxf6 18. b3 Bb7 19. Rd4 Qa3+ 20. Kb1
Ra8 21. Rd1 h6 22. h3 Rfc8 23. Re1 Qa5 24. Re3 Rd8 25. a4 Ba6 26. Qd2 Qb6 27.
Rxd8+ Rxd8 28. Qe1 Nd7 29. g4 Nc5 30. Ka2 Rb8 31. Qc1 Qb4 32. h4 Bd3 33. Qb2
Bxe4 34. Nxe4 Nxe4 35. c3 Qb7 36. Ka3 Nd6 37. Qc2 Qe7 38. Ka2 Qxh4 39. f5 exf5
40. gxf5 Qf6 41. c4 Nxf5 42. Rf3 g6 43. Qc3 Qe6 44. a5 Rd8 45. Rf2 h5 46. b4
Nd6 47. Rf4 Qe2+ 48. Kb3 Ne4 49. Qc1 Rd3+ 50. Ka4 Nc3+ 0-1

[Event "Moscow Open 2007"]
[Site "Moscow"]
[Date "2007.02.01"]
[Round "6"]
[White "Kadimova, Ilaha"]
[Black "Babushkin, Eduard"]
[Result "1/2-1/2"]
[WhiteElo "2333"]
[BlackElo "2170"]
[PlyCount "105"]
[EventDate "2007.??.??"]

1. d4 Nf6 2. c4 e6 3. Nc3 Bb4 4. Qc2 O-O 5. a3 Bxc3+ 6. Qxc3 b6 7. Bg5 Bb7 8.
f3 c5 9. dxc5 bxc5 10. e3 Nc6 11. Bd3 d6 12. Ne2 Ne5 13. Bc2 a5 14. O-O Ba6 15.
b3 a4 16. f4 Ned7 17. Rfd1 axb3 18. Bxb3 Qc7 19. Ng3 Bb7 20. Bc2 Ra6 21. e4 e5
22. f5 Rb8 23. Re1 Bc6 24. Nf1 Rab6 25. Bc1 Qb7 26. Qf3 Qa6 27. Ne3 Ba4 28. Qe2
Bxc2 29. Qxc2 Rb3 30. Nd5 Nxd5 31. exd5 f6 32. h3 R3b7 33. Kh2 Nb6 34. Re4 Na4
35. Rh4 Nb6 36. a4 Nd7 37. Ra3 Nf8 38. Rg4 Ra8 39. a5 Rab8 40. Bd2 Re8 41. Qa4
Rc8 42. Rag3 g5 43. Bxg5 h5 44. Bxf6+ hxg4 45. Qd1 Kf7 46. Qxg4 Kxf6 47. Qh4+
Kf7 48. Qh5+ Ke7 49. Rg7+ Kd8 50. Qg5+ Ke8 51. Qh5+ Kd8 52. Qg5+ Ke8 53. Qh5+
1/2-1/2

[Event "Moscow Open 2007"]
[Site "Moscow"]
[Date "2007.02.01"]
[Round "6"]
[White "Nebolsina, Vera"]
[Black "Popelyshev, Igor V"]
[Result "1-0"]
[WhiteElo "2324"]
[BlackElo "2106"]
[PlyCount "133"]
[EventDate "2007.??.??"]

1. e4 e5 2. Nf3 Nc6 3. Nc3 d6 4. h3 g6 5. d4 exd4 6. Nxd4 Bg7 7. Be3 Nge7 8.
Qd2 O-O 9. O-O-O Nxd4 10. Bxd4 Bxd4 11. Qxd4 Nc6 12. Qe3 Be6 13. f4 Qf6 14. g4
Rae8 15. f5 Bc8 16. Nd5 Qe5 17. f6 Re6 18. Qh6 Rxf6 19. Nxf6+ Qxf6 20. Bc4 Be6
21. Bd5 Ne5 22. Rhf1 Qe7 23. Qe3 b6 24. Qc3 c6 25. Bxe6 Qxe6 26. Kb1 Re8 27. g5
Qe7 28. Rf6 Rd8 29. h4 h5 30. Qe3 c5 31. Qg3 b5 32. Qf4 a5 33. Qd2 Nc4 34. Qd3
Qe5 35. Qb3 Qxe4 36. Qd3 Qe5 37. Qc3 Qxc3 38. bxc3 a4 39. Re1 Ne5 40. Kc1 Kf8
41. Kd2 Re8 42. Re2 Nc4+ 43. Ke1 Rxe2+ 44. Kxe2 Ke7 45. Kd3 Ne5+ 46. Ke4 Ng4
47. Rf1 f5+ 48. gxf6+ Nxf6+ 49. Kd3 Nd5 50. a3 Ke6 51. Rb1 Nc7 52. c4 bxc4+ 53.
Kxc4 Kf5 54. Rb6 Ke5 55. Rb7 Nd5 56. Ra7 Nb6+ 57. Kd3 d5 58. Ra6 c4+ 59. Kd2
Nd7 60. Rxg6 Nf6 61. Kc3 Ne4+ 62. Kb4 Kf5 63. Rg8 Ke5 64. Kxa4 d4 65. Kb4 d3
66. Kxc4 dxc2 67. Rg1 1-0

[Event "Moscow Open 2007"]
[Site "Moscow"]
[Date "2007.02.01"]
[Round "6"]
[White "Rasstriguine, Andrei"]
[Black "Kislov, Oleg"]
[Result "0-1"]
[WhiteElo "2161"]
[BlackElo "2324"]
[PlyCount "174"]
[EventDate "2007.??.??"]

1. d4 d5 2. c4 dxc4 3. e3 Nf6 4. Bxc4 e6 5. Nf3 c5 6. O-O a6 7. dxc5 Bxc5 8.
Qxd8+ Kxd8 9. Nbd2 Nbd7 10. Nb3 Bd6 11. Rd1 Ke7 12. Nfd4 Nb6 13. Bd3 Rd8 14.
Bd2 Na4 15. Ba5 Rd7 16. Rab1 g6 17. e4 e5 18. Ne2 b6 19. Bd2 Bb7 20. f3 Rad8
21. Bg5 Bb8 22. Bc2 Rxd1+ 23. Bxd1 Nxb2 24. Bc2 Nc4 25. Nc5 Ba7 26. Nxb7 Rd7
27. Nc3 h6 28. Bxf6+ Kxf6 29. Nd5+ Ke6 30. Bd3 Ne3 31. Bxa6 Nxd5 32. exd5+ Rxd5
33. Bb5 f5 34. Kf1 Rd2 35. a4 e4 36. fxe4 fxe4 37. Re1 Kf5 38. Re2 Rd1+ 39. Kf2
Bb8 40. g3 Be5 41. Kg2 g5 42. Bc6 Rd4 43. Rf2+ Ke6 44. Ra2 h5 45. Kf2 Kf5 46.
Ke2 h4 47. Rd2 Rxd2+ 48. Kxd2 hxg3 49. Bd7+ Kf4 50. hxg3+ Kf3 51. Nd8 e3+ 52.
Kd3 e2 53. Bg4+ Kxg4 54. Kxe2 Kxg3 55. Nc6 Bc7 56. Nd4 g4 57. Kf1 Kh2 58. Nc2
Bf4 59. Ne1 Bd2 60. Ng2 Kg3 61. Kg1 Kf3 62. Kf1 Bf4 63. Ne1+ Ke4 64. Ke2 Kd4
65. Nd3 Bd6 66. Nf2 g3 67. Ng4 Kc4 68. Ne3+ Kc5 69. Kf3 Bb8 70. Kg2 Bf4 71. Nc2
Kc4 72. Kf3 Kc3 73. Ne1 Bc7 74. Ng2 Bd6 75. Ne3 Kb4 76. Kg2 Bb8 77. Nd5+ Kc5
78. Ne3 Bf4 79. Nc2 Kc4 80. Kf3 Kc3 81. Ne1 Bb8 82. Ng2 Kb4 83. Ne3 Kxa4 84.
Ke4 b5 85. Kd5 Ba7 86. Ng2 b4 87. Kc4 b3 0-1

[Event "Moscow Open 2007"]
[Site "Moscow"]
[Date "2007.02.01"]
[Round "6"]
[White "Konenkin, Dmitry"]
[Black "Omariev, Maksim"]
[Result "0-1"]
[WhiteElo "2319"]
[BlackElo "2153"]
[PlyCount "210"]
[EventDate "2007.??.??"]

1. d4 d5 2. Bg5 Nc6 3. e3 f6 4. Bh4 Bf5 5. c4 e6 6. Nc3 Qd7 7. cxd5 exd5 8. Bb5
a6 9. Bd3 Nge7 10. a3 h5 11. f3 Qe6 12. Qe2 O-O-O 13. Bf2 g6 14. Na4 Bxd3 15.
Qxd3 Nf5 16. Kf1 Qd7 17. Rc1 Kb8 18. Nc5 Bxc5 19. Rxc5 Rhe8 20. Ne2 Nce7 21.
Nf4 h4 22. g4 hxg3 23. hxg3 g5 24. Nh5 Rh8 25. g4 Ng7 26. Bg3 Rc8 27. Kg2 Nxh5
28. Rxh5 Rxh5 29. gxh5 Nf5 30. Rc3 Nxg3 31. Kxg3 f5 32. Rc1 Rh8 33. Rh1 Qf7 34.
Kf2 g4 35. Kg2 Rxh5 36. fxg4 Rxh1 37. Kxh1 fxg4 38. Qe2 Qh7+ 39. Kg1 Qh3 40.
Qf2 Ka7 41. Qd2 g3 42. Qg2 Qh4 43. Qc2 Kb8 44. Qg2 c6 45. Qc2 Qh5 46. Qg2 Qg4
47. Qf1 Ka7 48. Kg2 Qh4 49. Qg1 Kb6 50. Kf3 Qh2 51. Qe1 Qxb2 52. Qxg3 Qxa3 53.
Qb8 Qe7 54. Ke2 Kb5 55. Qc8 a5 56. Qf5 Qb4 57. Kf3 a4 58. Qh7 b6 59. Qd3+ Qc4
60. Qb1+ Ka5 61. Qe1+ Ka6 62. Qa1 Qb4 63. e4 dxe4+ 64. Kxe4 c5 65. Qf1+ Ka5 66.
Kd5 Qxd4+ 67. Kc6 Qe4+ 68. Kc7 b5 69. Qc1 c4 70. Qd2+ c3 71. Qxc3+ Qb4 72. Qe3
Qc4+ 73. Kb7 Kb4 74. Qd2+ Qc3 75. Qd6+ Kb3 76. Qd5+ Ka3 77. Ka6 b4 78. Kb5 b3
79. Qd6+ Ka2 80. Qd5 a3 81. Ka4 Kb2 82. Qg2+ Qc2 83. Qg7+ Ka2 84. Qf7 Qe4+ 85.
Ka5 Qe5+ 86. Kb4 Qd4+ 87. Kb5 Kb2 88. Qg6 Qd7+ 89. Kb4 Qd4+ 90. Kb5 a2 91. Qg2+
Kc1 92. Qf3 Kd2 93. Qg2+ Kd1 94. Qf3+ Kc2 95. Qc6+ Qc3 96. Qg2+ Qd2 97. Qc6+
Qc3 98. Qg2+ Qd2 99. Qc6+ Kb1 100. Qe4+ Qc2 101. Qe1+ Qc1 102. Qe4+ Ka1 103.
Qd4+ b2 104. Kb4 Qe1+ 105. Kb3 Qd1+ 0-1

[Event "Moscow Open 2007"]
[Site "Moscow"]
[Date "2007.02.01"]
[Round "6"]
[White "Prokopchuk, Yury"]
[Black "Larina, Marija"]
[Result "1-0"]
[WhiteElo "2316"]
[BlackElo "2094"]
[PlyCount "59"]
[EventDate "2007.??.??"]

1. d4 f5 2. Nc3 Nf6 3. Bg5 d5 4. f3 Nc6 5. e4 fxe4 6. fxe4 dxe4 7. d5 Ne5 8.
Qd4 Nf7 9. Bf4 e5 10. Bxe5 Nxe5 11. Qxe5+ Kf7 12. O-O-O Bd6 13. Qd4 Re8 14. Bb5
Re7 15. Nh3 Kg8 16. Bc4 a6 17. Rhe1 b5 18. Bb3 Bf5 19. Rf1 Qd7 20. Ng5 Rae8 21.
Qf2 Re5 22. Qa7 h6 23. Ne6 Bxe6 24. dxe6 Qc6 25. Qe3 Bb4 26. Rxf6 gxf6 27. Qxh6
Re7 28. Qg6+ Rg7 29. e7+ Kh8 30. Qh6+ 1-0

[Event "Moscow Open 2007"]
[Site "Moscow"]
[Date "2007.02.01"]
[Round "6"]
[White "Stukopin, Andrey"]
[Black "Tilicheev, Viacheslav"]
[Result "0-1"]
[WhiteElo "2307"]
[BlackElo "2039"]
[PlyCount "108"]
[EventDate "2007.??.??"]

1. e4 c5 2. Nc3 Nc6 3. g3 g6 4. Bg2 Bg7 5. d3 e6 6. Be3 d6 7. Qd2 Nge7 8. Bh6
O-O 9. h4 f6 10. Bxg7 Kxg7 11. Nge2 e5 12. O-O-O Rb8 13. h5 g5 14. h6+ Kg8 15.
f4 Ng6 16. Rdf1 gxf4 17. gxf4 f5 18. exf5 Bxf5 19. fxe5 dxe5 20. Ng3 Be6 21.
Nh5 Rxf1+ 22. Rxf1 Qh4 23. Ng7 Bf7 24. Nf5 Qd8 25. Be4 Nd4 26. Kb1 b5 27. Qf2
Qd7 28. Nd6 Rf8 29. Nxf7 Rxf7 30. Bd5 Ne6 31. Qxf7+ Qxf7 32. Rxf7 Kxf7 33. Nxb5
Ngf4 34. Be4 Ng5 35. Nxa7 Nxe4 36. dxe4 Kg6 37. Nc6 Kxh6 38. a4 Ne6 39. c3 Kg5
40. Kc2 Kf4 41. a5 Kxe4 42. Ne7 h5 43. Kd2 Nc7 44. Nc6 Kd5 45. Nb8 Kd6 46. b4
cxb4 47. cxb4 h4 48. Ke3 h3 49. Kf2 e4 50. b5 e3+ 51. Kg3 e2 52. Kf2 h2 53. b6
h1=Q 54. Kxe2 Qh5+ 0-1

[Event "Moscow Open 2007"]
[Site "Moscow"]
[Date "2007.02.01"]
[Round "6"]
[White "Kedrov, Valery V"]
[Black "Gingold, Anton"]
[Result "1-0"]
[WhiteElo "2300"]
[BlackElo "2079"]
[PlyCount "85"]
[EventDate "2007.??.??"]

1. e4 c5 2. Nf3 d6 3. d4 cxd4 4. Nxd4 Nf6 5. f3 e5 6. Nb3 d5 7. Bg5 Be6 8. Bxf6
gxf6 9. exd5 Qxd5 10. Qxd5 Bxd5 11. Nc3 Bb4 12. O-O-O Bc6 13. Nd5 Bxd5 14. Rxd5
Nc6 15. Bb5 a6 16. Bxc6+ bxc6 17. Rd3 Rd8 18. Rhd1 Rxd3 19. Rxd3 Ke7 20. a3 Bd6
21. Na5 Rc8 22. Rb3 c5 23. Nc4 Rc6 24. Rb7+ Ke6 25. Na5 Rc7 26. Rb6 Kd5 27. c4+
Ke6 28. Nb7 Rxb7 29. Rxb7 f5 30. b4 e4 31. fxe4 fxe4 32. g3 h5 33. Rb6 Ke5 34.
Kd2 f5 35. Kc3 h4 36. Rxa6 cxb4+ 37. axb4 Be7 38. Ra5+ Ke6 39. b5 hxg3 40. hxg3
Bd6 41. Ra6 Kd7 42. Rxd6+ Kxd6 43. Kd4 1-0

[Event "Moscow Open 2007"]
[Site "Moscow"]
[Date "2007.02.01"]
[Round "6"]
[White "Yuganova, Marina"]
[Black "Koshevoy, Sergey"]
[Result "0-1"]
[WhiteElo "1900"]
[BlackElo "2294"]
[PlyCount "80"]
[EventDate "2007.??.??"]

1. c4 e6 2. g3 Nf6 3. Bg2 d5 4. Nf3 Be7 5. O-O O-O 6. b3 dxc4 7. bxc4 c5 8. Nc3
Nc6 9. Rb1 Rb8 10. d3 b6 11. Nd2 Bb7 12. Nb3 Qd7 13. Bb2 Rfd8 14. a4 a6 15. a5
Nb4 16. Bxb7 Rxb7 17. axb6 Rxb6 18. Nd2 Rdb8 19. Na4 Rc6 20. Be5 Rb7 21. Nb3
Qd8 22. Ra1 Nd7 23. Bc3 e5 24. Bd2 h5 25. f4 h4 26. Nc3 hxg3 27. hxg3 Rg6 28.
Rf3 exf4 29. Bxf4 Nf6 30. Kg2 Qd7 31. Qh1 Bd6 32. Bd2 Nc2 33. Rxa6 Rxb3 34. Nb5
Bxg3 35. Ra8+ Bb8+ 36. Kf2 Ng4+ 37. Kf1 Rb1+ 38. Kg2 Ne5+ 39. Kf2 Rxh1 40.
Rxb8+ Kh7 0-1